000 00583nam a2200241Ia 4500
003 OSt
005 20221005115232.0
006 a|||||r|||| 00| 0
007 ta
008 221004b |||||||| |||| 00| 0 tam d
024 _a52237
037 _cTextual
040 _aCRL
_cCRL
_btam
041 _2tam
_atam
082 _aV1.N5, 31K4
100 _aKannan
_9192650
245 0 _aCaritra ththai matriya sambhavangal
260 _c1964
300 _a110p.
_ccm.
650 _aHISTORY
942 _hV1.N5, 31K4
_cTEXL
_2cc
999 _c1033888
_d1033888